ბათუმის შოთა რუსთაველის სახელმწიფო უნივერსიტეტის ბიბლიოთეკა

Избирательные растворители в переработке нефти. (ბიბ.ჩანაწერი № 40733)

000 -LEADER
fixed length control field 00751nam a2200229Ia 4500
001 - CONTROL NUMBER
control field 7372
003 - CONTROL NUMBER IDENTIFIER
control field GE_BSU
008 - FIXED-LENGTH DATA ELEMENTS--GENERAL INFORMATION
fixed length control field 181216s||||||||xx |||||||||||||| ||und||
040 ## - CATALOGING SOURCE
Transcribing agency GE_BSU
080 ## - UNIVERSAL DECIMAL CLASSIFICATION NUMBER
Universal Decimal Classification number 662.68(035.5)
100 ## - MAIN ENTRY--PERSONAL NAME
Personal name Гуревич,В.Л. Сосновский,Н.П.
245 ## - TITLE STATEMENT
Title Избирательные растворители в переработке нефти.
245 ## - TITLE STATEMENT
Remainder of title Справочная книга.
245 ## - TITLE STATEMENT
Statement of responsibility, etc. ред. Н.Х.Манаков.
260 ## - PUBLICATION, DISTRIBUTION, ETC.
Place of publication, distribution, etc. М.-Л.
260 ## - PUBLICATION, DISTRIBUTION, ETC.
Name of publisher, distributor, etc. Гостоптехиздат.
260 ## - PUBLICATION, DISTRIBUTION, ETC.
Date of publication, distribution, etc. 1953.
300 ## - PHYSICAL DESCRIPTION
Extent 319стр.с илл.22см.
300 ## - PHYSICAL DESCRIPTION
Accompanying material табл.
653 ## - INDEX TERM--UNCONTROLLED
Uncontrolled term Избирательные растворители в переработке нефти.
942 ## - ADDED ENTRY ELEMENTS (KOHA)
Koha item type წიგნი
ეგზემპლარები
Withdrawn status Lost status Damaged status Not for loan Date acquired Barcode Date last seen Price effective from Koha item type
        2018-12-17 10339 2018-12-17 2018-12-17 წიგნი